[Event "Grand Prix #4 (w)"]
[Site "Kazan RUS"]
[Date "2012.06.12"]
[Round "3.1"]
[White "Kosintseva, Tatiana"]
[Black "Hou Yifan"]
[Result "0-1"]
[WhiteElo "2532"]
[BlackElo "2623"]
[PlyCount "146"]
[EventDate "2012.06.10"]

1. e4 c5 2. Nf3 d6 3. d4 cxd4 4. Nxd4 Nf6 5. Nc3 e6 6. g4 h6 7. Be3 a6 8. Bg2
Nc6 9. h3 Bd7 10. f4 Qc7 11. Qe2 Na5 12. Rd1 Nc4 13. Bc1 Rc8 14. b3 Qa5 15. Rd3
Ne5 16. Rg3 Ng6 17. Qe3 e5 18. Nde2 Be7 19. Bd2 Qc5 20. Qxc5 Rxc5 21. f5 Nh4
22. Rf1 Nxg2+ 23. Rxg2 Bc6 24. Ng3 b5 25. Kd1 b4 26. Na4 Bxa4 27. bxa4 Rc4 28.
Re2 Kd7 29. Rf3 Rhc8 30. Be1 R8c5 31. Rb3 a5 32. Rd3 Rc6 33. Bf2 Bd8 34. Kc1
Ke7 35. Kb2 Nd7 36. a3 Bb6 37. axb4 Rxb4+ 38. Rb3 Rxa4 39. f6+ Kxf6 40. Nf5 g6
41. Bh4+ g5 42. Bf2 Ke6 43. Ng7+ Ke7 44. Nf5+ Ke8 45. Rd3 Bc7 46. Rf3 Nf6 47.
Nd4 exd4 48. Rxf6 Rb4+ 49. Ka2 Rcb6 50. Ka3 R6b5 51. Rf5 Bb6 52. Rxb5 Rxb5 53.
Rd2 Rb4 54. Rd3 Bc5 55. Ka2 a4 56. Be1 Rc4 57. Kb2 Ke7 58. Ba5 Ke6 59. Rf3 Ke7
60. Rd3 Bb4 61. Bb6 Bc3+ 62. Ka3 Rc6 63. Ba7 Ke6 64. Rf3 Ra6 65. Bb8 Bb2+ 66.
Ka2 a3 67. Rb3 Rc6 68. Kb1 f6 69. Rb7 d3 70. cxd3 Rc1+ 71. Ka2 Ra1+ 72. Kb3 Bd4
73. Rb4 Rb1+ 0-1